000 01182nam a2200277 i 4500
999 _c22947
_d22947
003 AR-CdUCM
008 240801b pe ||||| |||| 00| 0 spa d
020 _a978-612-4436-95-6
040 _aMUNICIPALIDAD PROVINCIAL DEL CUSCO
_cBIBLIOTECA MUNICIPAL DEL CUSCO
041 _hspa
082 _22ed.
_a869.56 / R846A
_bR846A /
100 _aRosas Paravicino, Enrique
_9417
245 _aAl filo del rayo y otros cuentos /
_cRosas Paravicino, Enrique
260 _aLima :
_bLluvia Editores,
_c2024.
300 _a124 páginas. :
_c24 cm.
440 _aCuarto del rescate archipiélago peruano
_n1
_950093
505 _aGallo de ánimas -- Historia de una cabeza con precio -- Entierro en Tipón -- Campana mayor -- El rencor sobre todo -- El caballo jubilado -- Feliz cumpleaños -- Camino de la suerte -- Al filo del rayo -- Temporal en la cuesta de los difuntos.
650 _aGallo de ánimas
_950085
650 _aHistoria de una cabeza con precio
_950086
650 _aEntierro en Tipón
_950087
650 _aCampana mayor
_950088
650 _aEl rencor sobre todo
_950089
650 _aEl caballo jubilado
_950090
942 _2ddc
_cLIBROS
945 _apbj
_d2024-08-01